Influence of cabon black properties on the characteristics of rubber vulcanizates (Record no. 61182)

MARC details
000 -LEADER
fixed length control field 00458nam a2200145Ia 4500
100 ## - MAIN ENTRY--AUTHOR NAME
Personal name Donnet J B
245 #0 - TITLE STATEMENT
Title Influence of cabon black properties on the characteristics of rubber vulcanizates
260 ## - PUBLICATION, DISTRIBUTION, ETC. (IMPRINT)
Name of publisher Proceedings of the International Rubber Conference, London, 1967, p141-158
650 ## - SUBJECT ADDED ENTRY--TOPICAL TERM
Topical Term Carbon black
650 ## - SUBJECT ADDED ENTRY--TOPICAL TERM
Topical Term Rubber vulcanizates
700 ## - ADDED ENTRY--PERSONAL NAME
Personal name Eckhardt C
700 ## - ADDED ENTRY--PERSONAL NAME
Personal name Voet A
942 ## - ADDED ENTRY ELEMENTS (KOHA)
Koha item type Journals
Holdings
Withdrawn status Lost status Damaged status Not for loan Home library Current library Shelving location Date acquired Koha item type
      Journals RRII Library RRII Library Rubber chemistry 17/12/2021 Journals